| 000 | 00679nam a2200265 a 4500 | ||
|---|---|---|---|
| 003 | AR-BaBNM | ||
| 005 | 20251128205128.0 | ||
| 008 | 082120s2002 ||||||||||||||000 | spa|| | ||
| 020 | _a950-507-276-6 | ||
| 040 | _cAR-BaBNM | ||
| 100 | 1 | _aGamboa de Vitelleschi, Susana | |
| 245 | 0 | 0 | _aJuegos para convivencias |
| 250 | _a4ª ed. | ||
| 260 |
_aBuenos Aires _bBonum _c1995 |
||
| 300 |
_a212 p. _bil. |
||
| 490 | 0 | _aJuegos y dinámicas | |
| 650 | 4 | _aJUEGOS EDUCATIVOS | |
| 650 | 4 | _aACTIVIDADES RECREATIVAS | |
| 650 | 4 | _aACTIVIDADES EN GRUPO | |
| 650 | 4 | _aCREATIVIDAD | |
| 650 | 4 | _aADOLESCENTES | |
| 653 | _aCAMPAMENTOS EDUCATIVOS | ||
| 942 | _cBK | ||
| 998 | _cCarmen | ||
| 999 |
_c10105 _d10105 |
||